000
00293nam a2200121Ia 4500
005
20251222144827.0
008
251222s9999||||xx |||||||||||||| ||spa||
082
_a
346/P27
100
_a
Pasara, Luís
245
0
_a
Reforma Agraria:
264
_b
Instituto de Estudios Peruanos
942
_c
LIB
999
_c
20707
_d
20707